MARC details
| 000 -LEADER |
| fixed length control field |
04966cjm a2200853 a 4500 |
| 001 - CONTROL NUMBER |
| control field |
data |
| 005 - DATE AND TIME OF LATEST TRANSACTION |
| control field |
20260322212122.0 |
| 007 - PHYSICAL DESCRIPTION FIXED FIELD--GENERAL INFORMATION |
| fixed length control field |
data |
| 008 - FIXED-LENGTH DATA ELEMENTS--GENERAL INFORMATION |
| fixed length control field |
data |
| 035 ## - SYSTEM CONTROL NUMBER |
| System control number |
20938409 |
| 010 ## - LIBRARY OF CONGRESS CONTROL NUMBER |
| LC control number |
2019619425 |
| 015 ## - NATIONAL BIBLIOGRAPHY NUMBER |
| National bibliography number |
20141500379 |
| Source |
can |
| 016 ## - NATIONAL BIBLIOGRAPHIC AGENCY CONTROL NUMBER |
| Record control number |
(AMICUS)000032470044 |
| 024 1# - OTHER STANDARD IDENTIFIER |
| Standard number or code |
791558196825 |
| 028 00 - PUBLISHER OR DISTRIBUTOR NUMBER |
| Publisher or distributor number |
7915581968-2 |
| Source |
Ghostlight Records |
| Qualifying information |
(disc label) |
| 028 00 - PUBLISHER OR DISTRIBUTOR NUMBER |
| Publisher or distributor number |
1968-2 |
| Source |
Ghostlight Records |
| Qualifying information |
(container spine) |
| 033 00 - DATE/TIME AND PLACE OF AN EVENT |
| Formatted date/time |
20041001 |
| Geographic classification area code |
3804 |
| Geographic classification subarea code |
N4 |
| 035 ## - SYSTEM CONTROL NUMBER |
| System control number |
(OCoLC)61281223 |
| 040 ## - CATALOGING SOURCE |
| Original cataloging agency |
FQG |
| Language of cataloging |
eng |
| Transcribing agency |
FQG |
| Modifying agency |
DLC |
| -- |
NYP |
| -- |
GSC |
| -- |
TEF |
| -- |
ID1 |
| -- |
OCLCF |
| -- |
NLC |
| -- |
OCLCQ |
| -- |
DLC |
| 042 ## - AUTHENTICATION CODE |
| Authentication code |
lccopycat |
| 045 0# - TIME PERIOD OF CONTENT |
| Formatted 9999 B.C. through C.E. time period |
d1968 |
| 050 00 - LIBRARY OF CONGRESS CALL NUMBER |
| Classification number |
SDD 17604 |
| 082 04 - DEWEY DECIMAL CLASSIFICATION NUMBER |
| Classification number |
782.1/4 |
| Edition information |
22 |
| 084 ## - OTHER CLASSIFICATION NUMBER |
| Classification number |
cci1icc |
| Number source |
lacc |
| 084 ## - OTHER CLASSIFICATION NUMBER |
| Classification number |
coll9 |
| Number source |
lacc |
| 100 1# - MAIN ENTRY--PERSONAL NAME |
| Personal name |
MacDermot, Galt. |
| 245 10 - TITLE STATEMENT |
| Title |
Hair : |
| Remainder of title |
the Actors' Fund of America benefit recording / |
| Statement of responsibility, etc. |
[music by Galt MacDermot ; book and lyrics by Gerome Ragni and James Rado]. |
| 260 ## - PUBLICATION, DISTRIBUTION, ETC. |
| Place of publication, distribution, etc. |
New York, NY : |
| Name of publisher, distributor, etc. |
Ghostlight Records, |
| Date of publication, distribution, etc. |
℗2005. |
| 300 ## - PHYSICAL DESCRIPTION |
| Extent |
1 audio disc (70 min., 35 sec.) : |
| Other physical details |
digital ; |
| Dimensions |
4 3/4 in. |
| 306 ## - PLAYING TIME |
| Playing time |
011035 |
| 336 ## - CONTENT TYPE |
| Content type term |
performed music |
| Content type code |
prm |
| Source |
rdacontent |
| 337 ## - MEDIA TYPE |
| Media type term |
audio |
| Media type code |
s |
| Source |
rdamedia |
| 338 ## - CARRIER TYPE |
| Carrier type term |
audio disc |
| Carrier type code |
sd |
| Source |
rdacarrier |
| 500 ## - GENERAL NOTE |
| General note |
Ghostlight Records: 7915581968-2 (on container spine: 1968-2). |
| 500 ## - GENERAL NOTE |
| General note |
Musical. |
| 500 ## - GENERAL NOTE |
| General note |
Compact disc. |
| 500 ## - GENERAL NOTE |
| General note |
Notes ([12] p. : col. ports.) inserted in container. |
| 505 00 - FORMATTED CONTENTS NOTE |
| Title |
The flesh failures (Let the sunshine in) |
| Statement of responsibility |
(Norm Lewis, Harris Doran, Tribe) |
| Miscellaneous information |
(4:18). |
| Title |
Donna |
| Statement of responsibility |
(Lea DeLaria, Tribe) |
| Miscellaneous information |
(2:22) -- |
| Title |
Hashish |
| Statement of responsibility |
(Tribe) |
| Miscellaneous information |
(1:08) -- |
| Title |
Sodomy |
| Statement of responsibility |
(Jai Rodriguez, Tribe) |
| Miscellaneous information |
(1:21) -- |
| Title |
Colored spade |
| Statement of responsibility |
(Chuck Cooper, Tribe) |
| Miscellaneous information |
(1:35) -- |
| Title |
Manchester, England |
| Statement of responsibility |
(Euan Morton, Harris Doran, Tribe) |
| Miscellaneous information |
(1:20) -- |
| Title |
Dead end |
| Statement of responsibility |
(Ana Gasteyer, Tribe) |
| Miscellaneous information |
(2:26) -- |
| Title |
Sheila Franklin/I believe in love |
| Statement of responsibility |
(Shoshana Bean, Tribe) |
| Miscellaneous information |
(1:20) -- |
| Title |
I'm black/Ain't got no |
| Statement of responsibility |
(Tribe) |
| Miscellaneous information |
(2:22) -- |
| Title |
Air |
| Statement of responsibility |
(Harvey Fierstein) |
| Miscellaneous information |
(1:25) -- |
| Title |
Initials |
| Statement of responsibility |
(Laura Benanti, Tribe) |
| Miscellaneous information |
(1:43) -- |
| Title |
I got life |
| Statement of responsibility |
(Adam Pascal, Tribe) |
| Miscellaneous information |
(2:25) -- |
| Title |
Going down |
| Statement of responsibility |
(Gavin Creel, Tribe) |
| Miscellaneous information |
(2:07) -- |
| Title |
Hair |
| Statement of responsibility |
(Raúl Esparza, Harris Doran, Tribe) |
| Miscellaneous information |
(3:07) -- |
| Title |
My conviction |
| Statement of responsibility |
(Charles Busch) |
| Miscellaneous information |
(1:10) -- |
| Title |
Easy to be hard |
| Statement of responsibility |
(Jennifer Hudson) |
| Miscellaneous information |
(3:49) -- |
| Title |
Don't put it down! |
| Statement of responsibility |
(John Tartaglia, Christopher Sieber) |
| Miscellaneous information |
(1:19) -- |
| Title |
Frank Mills |
| Statement of responsibility |
(Annie Golden) |
| Miscellaneous information |
(2:13) -- |
| Title |
Be-in 'Hare Krishna' |
| Statement of responsibility |
(Tribe) |
| Miscellaneous information |
(2:26) -- |
| Title |
Where do I go? |
| Statement of responsibility |
(Julia Murney, Tribe) |
| Miscellaneous information |
(2:50) -- |
| Title |
Hippie life |
| Statement of responsibility |
(Eden Espinosa, Harris Doran, Tribe) |
| Miscellaneous information |
(2:13) -- |
| Title |
Electric blues |
| Statement of responsibility |
(Toxic Audio) |
| Miscellaneous information |
(3:03) -- |
| Title |
Black boys |
| Statement of responsibility |
(Kathy Brier, Orfeh, Ann Harada) |
| Miscellaneous information |
(1:29) -- |
| Title |
White boys |
| Statement of responsibility |
(Brandi Chavonne Massey, Ledisi, Shayna Steele) |
| Miscellaneous information |
(2:45) -- |
| Title |
Walking in space |
| Statement of responsibility |
(Sherie Rene Scott, Tribe) |
| Miscellaneous information |
(4:37) -- |
| Title |
Yes I's finished on y'all's farmlands |
| Statement of responsibility |
(Tribe) |
| Miscellaneous information |
(0:54) -- |
| Title |
Four score/Abie, baby |
| Statement of responsibility |
(Billy Porter, Tribe) |
| Miscellaneous information |
(2:41) -- |
| Title |
Good morning starshine |
| Statement of responsibility |
(Liz Callaway, Tribe) |
| Miscellaneous information |
(2:30) -- |
| Title |
Three-five-zero-zero |
| Statement of responsibility |
(Tribe) |
| Miscellaneous information |
(2:57) -- |
| Title |
What a piece of work is man |
| Statement of responsibility |
(Darius de Haas, Paul Castree) |
| Miscellaneous information |
(1:44) -- |
| Title |
The flesh failures (Let the sunshine in) |
| Statement of responsibility |
(Norm Lewis, Harris Doran, Tribe) |
| Miscellaneous information |
(4:18). |
| 511 0# - PARTICIPANT OR PERFORMER NOTE |
| Participant or performer note |
Various singers (including Lillias White, Lea DeLaria, Jai Rodriguez, Ana Gasteyer, Shoshana Bean, Harvey Fierstein, Laura Benanti, Adam Pascal, Gavin Creel, Raúl Esparza, Jennifer Hudson, John Tartaglia, Christopher Sieber, Eden Espinosa, Orfeh, Ann Harada, Sherie Rene Scott, Billy Porter, Liz Callaway, Darius de Haas, Norm Lewis) ; instrumental ensemble; Seth Rudetsky, conductor, keyboards. |
| 518 ## - DATE/TIME AND PLACE OF AN EVENT NOTE |
| Date/time and place of an event note |
Recorded Oct. 1, 2004, at the Hit Factory, New York City; additional recording at Masque Sound and Sound on Sound Studios, New York City. |
| 650 #0 - SUBJECT ADDED ENTRY--TOPICAL TERM |
| Topical term or geographic name entry element |
Musicals. |
| 650 #0 - SUBJECT ADDED ENTRY--TOPICAL TERM |
| Topical term or geographic name entry element |
Rock music. |
| 650 #7 - SUBJECT ADDED ENTRY--TOPICAL TERM |
| Topical term or geographic name entry element |
Musicals. |
| Source of heading or term |
fast |
| Authority record control number or standard number |
(OCoLC)fst01030814 |
| 655 #7 - INDEX TERM--GENRE/FORM |
| Genre/form data or focus term |
Musicals. |
| Source of term |
lcgft |
| 655 #7 - INDEX TERM--GENRE/FORM |
| Genre/form data or focus term |
Rock music. |
| Source of term |
lcgft |
| 700 1# - ADDED ENTRY--PERSONAL NAME |
| Personal name |
Ragni, Gerome. |
| Relationship |
lyr |
| -- |
lyr |
| 700 1# - ADDED ENTRY--PERSONAL NAME |
| Personal name |
Rado, James. |
| Relationship |
lyr |
| -- |
lyr |
| 700 1# - ADDED ENTRY--PERSONAL NAME |
| Personal name |
White, Lillias. |
| Relationship |
prf |
| 700 1# - ADDED ENTRY--PERSONAL NAME |
| Personal name |
DeLaria, Lea. |
| Relationship |
prf |
| 700 1# - ADDED ENTRY--PERSONAL NAME |
| Personal name |
Rodriguez, Jai. |
| Relationship |
prf |
| 700 1# - ADDED ENTRY--PERSONAL NAME |
| Personal name |
Gasteyer, Ana, |
| Dates associated with a name |
1967- |
| Relationship |
prf |
| 700 1# - ADDED ENTRY--PERSONAL NAME |
| Personal name |
Bean, Shoshana, |
| Dates associated with a name |
1977- |
| Relationship |
prf |
| 700 1# - ADDED ENTRY--PERSONAL NAME |
| Personal name |
Fierstein, Harvey, |
| Dates associated with a name |
1952- |
| Relationship |
prf |
| 700 1# - ADDED ENTRY--PERSONAL NAME |
| Personal name |
Benanti, Laura. |
| Relationship |
prf |
| 700 1# - ADDED ENTRY--PERSONAL NAME |
| Personal name |
Pascal, Adam. |
| Relationship |
prf |
| 700 1# - ADDED ENTRY--PERSONAL NAME |
| Personal name |
Creel, Gavin. |
| Relationship |
prf |
| 700 1# - ADDED ENTRY--PERSONAL NAME |
| Personal name |
Esparza, Raúl, |
| Dates associated with a name |
1970- |
| Relationship |
prf |
| 700 1# - ADDED ENTRY--PERSONAL NAME |
| Personal name |
Hudson, Jennifer, |
| Dates associated with a name |
1981- |
| Relationship |
prf |
| 700 1# - ADDED ENTRY--PERSONAL NAME |
| Personal name |
Tartaglia, John, |
| Dates associated with a name |
1978- |
| Relationship |
prf |
| 700 1# - ADDED ENTRY--PERSONAL NAME |
| Personal name |
Sieber, Christopher. |
| Relationship |
prf |
| 700 1# - ADDED ENTRY--PERSONAL NAME |
| Personal name |
Espinosa, Eden. |
| Relationship |
prf |
| 700 0# - ADDED ENTRY--PERSONAL NAME |
| Personal name |
Orfeh |
| Titles and other words associated with a name |
(Musician) |
| Relationship |
prf |
| 700 1# - ADDED ENTRY--PERSONAL NAME |
| Personal name |
Harada, Ann. |
| Relationship |
prf |
| 700 1# - ADDED ENTRY--PERSONAL NAME |
| Personal name |
Scott, Sherie Rene, |
| Dates associated with a name |
1969- |
| Relationship |
prf |
| 700 1# - ADDED ENTRY--PERSONAL NAME |
| Personal name |
Porter, Billy. |
| Relationship |
prf |
| 700 1# - ADDED ENTRY--PERSONAL NAME |
| Personal name |
Callaway, Liz. |
| Relationship |
prf |
| 700 1# - ADDED ENTRY--PERSONAL NAME |
| Personal name |
De Haas, Darius. |
| Relationship |
prf |
| 700 1# - ADDED ENTRY--PERSONAL NAME |
| Personal name |
Lewis, Norm, |
| Dates associated with a name |
1963- |
| Relationship |
prf |
| 700 1# - ADDED ENTRY--PERSONAL NAME |
| Personal name |
Rudetsky, Seth. |
| Relationship |
prf |
| -- |
prf |
| 710 2# - ADDED ENTRY--CORPORATE NAME |
| Corporate name or jurisdiction name as entry element |
Actors' Fund of America. |
| 906 ## - LOCAL DATA ELEMENT F, LDF (RLIN) |
| a |
7 |
| b |
cbc |
| c |
copycat |
| d |
2 |
| e |
ncip |
| f |
20 |
| g |
y-soundrec |
| 925 0# - |
| -- |
acquire |
| -- |
2 shelf copies |
| -- |
policy default |